Interaction 1 reading cassette 2 of 2

محفوظ في:
التفاصيل البيبلوغرافية
التنسيق: كتاب
اللغة:Undetermined
منشور في: New York, NY McGraw-Hill 2002
الموضوعات:
الوسوم: إضافة وسم
لا توجد وسوم, كن أول من يضع وسما على هذه التسجيلة!
Thư viện lưu trữ: Trung tâm Học liệu Trường Đại học Cần Thơ
LEADER 00491nam a2200181Ia 4500
001 CTU_57734
008 210402s9999 xx 000 0 und d
020 |b 96000 
082 |a 428.34 
082 |b I.61/T2 
245 0 |a Interaction 1 reading cassette 2 of 2 
260 |a New York, NY 
260 |b McGraw-Hill 
260 |c 2002 
650 |a english language 
650 |x study and teaching,foreign speakers 
904 |i Minh 
980 |a Trung tâm Học liệu Trường Đại học Cần Thơ